[Event "Titled Tue 20th May Late"]
[Site "chess.com INT"]
[Date "2025.05.20"]
[Round "11"]
[White "Naroditsky, Daniel"]
[Black "Baskakov, Egor"]
[Result "1-0"]
[WhiteTitle "GM"]
[BlackTitle "CM"]
[WhiteElo "2619"]
[BlackElo "2215"]
[WhiteFideId "2026961"]
[BlackFideId "24197866"]
[EventDate "2025.05.20"]

1. e4 c5 2. Nf3 Nf6 3. Nc3 d5 4. exd5 Nxd5 5. Bb5+ Bd7 6. Ne5 e6 7. Nxd7 Nxd7 8.
Nxd5 exd5 9. O-O a6 10. Re1+ Be7 11. Bf1 O-O 12. d4 Bf6 13. dxc5 Nxc5 14. Qf3
Rc8 15. Rd1 d4 16. c3 Rc7 17. Bf4 Rd7 18. cxd4 Bxd4 19. Rac1 Ne6 20. Bg3 Bxb2
21. Rxd7 Qxd7 22. Rb1 Bf6 23. Qxb7 Qxb7 24. Rxb7 a5 25. Ra7 Bc3 26. h4 Rd8 27.
Bc4 h6 28. a4 Rd1+ 29. Kh2 Rd4 30. Bb5 Re4 31. Ra8+ Kh7 32. Bd3 f5 33. Bxe4 fxe4
34. Rc8 Bb4 35. Rc4 Kg6 36. Rxe4 Kf5 37. Re5+ Kf6 38. Rb5 g5 39. h5 Kf7 40. Be5
Ke7 41. Rb7+ Ke8 42. Rb6 Kd7 43. g3 Bc5 44. Ra6 Bb4 45. Kg2 Nc5 46. Rxh6 Nxa4
47. Rg6 Nc5 48. h6 Nd3 49. Bd4 Ne1+ 50. Kh1 Nf3 51. Bf6 1-0

[Event "Titled Tue 20th May Late"]
[Site "chess.com INT"]
[Date "2025.05.20"]
[Round "11"]
[White "Mazzilli, Piero"]
[Black "Medina Paz, Miguel"]
[Result "0-1"]
[WhiteTitle "FM"]
[BlackTitle "IM"]
[WhiteElo "2274"]
[BlackElo "2368"]
[WhiteFideId "807087"]
[BlackFideId "7300379"]
[EventDate "2025.05.20"]

1. d4 Nf6 2. c3 g6 3. Bg5 Bg7 4. Nd2 d5 5. e3 O-O 6. Bd3 Nbd7 7. f4 c5 8. Ngf3
cxd4 9. exd4 Nb6 10. O-O h6 11. Bxf6 Bxf6 12. Ne5 Kg7 13. Qc2 Be6 14. Ndf3 Nc4
15. Rae1 Qb6 16. b3 Nxe5 17. Nxe5 Bxe5 18. Rxe5 f5 19. Rfe1 Rf6 20. c4 Qxd4+ 21.
Kh1 Rc8 22. Qe2 Rc6 23. cxd5 Bxd5 24. Rxe7+ Bf7 25. Bc4 Qd8 26. Rxb7 a5 27. Bxf7
Rxf7 28. Rxf7+ Kxf7 29. Qb5 Re6 30. Rc1 h5 31. h3 Kg7 32. Qb7+ Kh6 33. Qb5 Qd2
34. Qf1 Re2 35. Rc7 Re1 0-1

[Event "Titled Tue 20th May Late"]
[Site "chess.com INT"]
[Date "2025.05.20"]
[Round "11"]
[White "Hernandez Bermudez, Ulises Eduardo"]
[Black "Nguyen Hong Nhung"]
[Result "0-1"]
[BlackTitle "WFM"]
[WhiteElo "2042"]
[BlackElo "2197"]
[WhiteFideId "3902510"]
[BlackFideId "12412201"]
[EventDate "2025.05.20"]

1. e4 c5 2. c3 Nf6 3. e5 Nd5 4. d4 cxd4 5. Nf3 d6 6. cxd4 Nc6 7. Bc4 Nb6 8. Bb5
dxe5 9. Nxe5 Bd7 10. Nxd7 Qxd7 11. O-O e6 12. Qg4 g6 13. Nc3 Bg7 14. Be3 O-O 15.
Rfd1 Nd5 16. Rac1 Rac8 17. Nxd5 Qxd5 18. Rc5 Qxa2 19. Rdc1 Qxb2 20. Bxc6 bxc6
21. Rxc6 Rxc6 22. Rxc6 a5 23. g3 a4 24. d5 a3 25. Bc1 Qb1 26. dxe6 fxe6 27.
Qxe6+ Kh8 28. Rc8 a2 29. Rxf8+ Bxf8 30. Qf6+ Kg8 31. Qe6+ Kg7 32. Qd7+ Kf6 33.
Qd8+ Be7 34. Qd4+ Ke6 35. Qc4+ Kd7 36. Qa4+ Kc7 37. Qa7+ Kd6 38. Qd4+ Kc6 39.
Qa4+ Kc5 40. Qa7+ Kc4 41. Qc7+ Bc5 42. Qf7+ Kb4 43. Qb7+ Kc3 44. Qf3+ Kc2 45.
Qf4 Qxc1+ 0-1

[Event "Titled Tue 20th May Late"]
[Site "chess.com INT"]
[Date "2025.05.20"]
[Round "11"]
[White "Montano Vicente, Guadalupe"]
[Black "Winkels, Marcel"]
[Result "0-1"]
[BlackTitle "CM"]
[WhiteElo "1940"]
[BlackElo "1918"]
[WhiteFideId "5181399"]
[BlackFideId "1003887"]
[EventDate "2025.05.20"]

1. d4 c5 2. d5 Nf6 3. c4 e6 4. Nc3 exd5 5. cxd5 d6 6. e4 g6 7. f4 Bg7 8. Bb5+
Nfd7 9. a4 O-O 10. Nf3 Na6 11. O-O Nb4 12. Re1 a6 13. Bc4 Re8 14. h3 Rb8 15. Kh1
h6 16. Bf1 Nf6 17. Bc4 Bd7 18. e5 Nh5 19. e6 Bc8 20. g4 Nf6 21. f5 fxe6 22. fxe6
Qe7 23. Kg2 Rf8 24. Be3 b5 25. axb5 axb5 26. Nxb5 Nbxd5 27. Bxd5 Rxb5 28. Bc4
Rxb2+ 29. Kh1 Bb7 30. Kg1 Nxg4 31. hxg4 Bxf3 32. Qa4 Qh4 33. e7+ Kh7 34. Re2
Rxe2 35. Bxe2 Qh1+ 36. Kf2 Qg2+ 37. Ke1 Qxe2# 0-1

[Event "Titled Tue 20th May Late"]
[Site "chess.com INT"]
[Date "2025.05.20"]
[Round "11"]
[White "Cernov, Henrik"]
[Black "Donchenko, Alexander"]
[Result "0-1"]
[WhiteTitle "FM"]
[BlackTitle "GM"]
[WhiteElo "2325"]
[BlackElo "2615"]
[WhiteFideId "16258312"]
[BlackFideId "24603295"]
[EventDate "2025.05.20"]

1. e4 c6 2. d4 d5 3. e5 Bf5 4. h4 h5 5. Bg5 Qb6 6. Bd3 Qxd4 7. Nf3 Qg4 8. Bxf5
Qxf5 9. c4 e6 10. O-O Be7 11. cxd5 Bxg5 12. Nxg5 cxd5 13. Qb3 b6 14. Nc3 Ne7 15.
Nb5 O-O 16. Nc7 Nbc6 17. Nxa8 Rxa8 18. Rac1 Nxe5 19. Rc7 N7g6 20. Qc3 Rf8 21.
Rc8 Ng4 22. Rxf8+ Nxf8 23. Qc7 d4 24. Qd6 f6 25. Nf3 e5 26. Qe7 Ng6 27. Qe8+ Kh7
28. Qf7 Qf4 29. Qd5 Nxh4 30. Rd1 Ng6 31. Qd7 e4 32. Rxd4 Qc1+ 33. Rd1 Qxb2 34.
Nd4 Qxf2+ 35. Kh1 Qh4+ 36. Kg1 Qh2+ 37. Kf1 Qh1+ 38. Ke2 Qxg2+ 39. Ke1 Qf2# 0-1

[Event "Titled Tue 20th May Late"]
[Site "chess.com INT"]
[Date "2025.05.20"]
[Round "11"]
[White "Brozynski, Patryk"]
[Black "Rozman, Levy"]
[Result "0-1"]
[BlackTitle "IM"]
[WhiteElo "2219"]
[BlackElo "2324"]
[WhiteFideId "2512700"]
[BlackFideId "2039877"]
[EventDate "2025.05.20"]

1. e4 c6 2. d4 Na6 3. e5 d6 4. exd6 exd6 5. Nf3 Nf6 6. c3 Nc7 7. Bd3 Bg4 8. O-O
Qd7 9. Re1+ Be7 10. Bg5 O-O-O 11. Nbd2 h6 12. Bxf6 Bxf6 13. Ne4 Be7 14. h3 Bf5
15. Nc5 dxc5 16. Bxf5 Qxf5 17. Rxe7 Qf6 18. Re4 Rhe8 19. Qe2 cxd4 20. Nxd4 c5
21. Rxe8 Rxe8 22. Qg4+ Kb8 23. Nf3 Rd8 24. Re1 Ne6 25. Qg3+ Nf4 26. Re4 g5 27.
Re1 a6 28. Qg4 Ka7 29. h4 Rg8 30. hxg5 hxg5 31. Re3 Qd6 32. Re1 Qd5 33. Re5 Qd1+
34. Re1 Qc2 35. Ne5 Qxb2 36. Qd7 Ne2+ 37. Rxe2 Qxe2 38. Qc7 Qe1+ 39. Kh2 Qxf2
40. Nc6+ Ka8 41. Ne7 Rh8# 0-1

[Event "Titled Tue 20th May Late"]
[Site "chess.com INT"]
[Date "2025.05.20"]
[Round "11"]
[White "Becking, Stephan"]
[Black "Garbuz, Vitaliy"]
[Result "1-0"]
[WhiteTitle "IM"]
[BlackTitle "CM"]
[WhiteElo "2410"]
[BlackElo "2224"]
[WhiteFideId "4632478"]
[BlackFideId "12990710"]
[EventDate "2025.05.20"]

1. d4 d5 2. c3 c5 3. Nf3 Nc6 4. e3 Nf6 5. Nbd2 Qc7 6. Bd3 e5 7. dxe5 Nxe5 8.
Nxe5 Qxe5 9. Nf3 Qe6 10. Bb5+ Bd7 11. Bxd7+ Qxd7 12. b3 Be7 13. O-O O-O 14. Bb2
Qe6 15. Qd3 c4 16. Qc2 Rac8 17. Rad1 Ne4 18. Nd4 Qg6 19. f3 cxb3 20. Qxb3 Nc5
21. Qxd5 Rfd8 22. Qf5 Na4 23. Ba1 Nxc3 24. Bxc3 Rxc3 25. Qa5 Rxe3 26. Nf5 Rxd1
27. Rxd1 Qb6 28. Qxb6 axb6 29. Nxe3 1-0

[Event "Titled Tue 20th May Late"]
[Site "chess.com INT"]
[Date "2025.05.20"]
[Round "11"]
[White "Lortkipanidze, Nodar"]
[Black "Kosakowski, Jakub"]
[Result "0-1"]
[WhiteTitle "IM"]
[BlackTitle "GM"]
[WhiteElo "2359"]
[BlackElo "2530"]
[WhiteFideId "13604058"]
[BlackFideId "1185080"]
[EventDate "2025.05.20"]

1. e4 c5 2. c3 d5 3. exd5 Qxd5 4. d4 Nf6 5. Nf3 e6 6. Bd3 Nc6 7. O-O cxd4 8.
cxd4 Be7 9. Nc3 Qd6 10. Nb5 Qd8 11. Bf4 Nd5 12. Bg3 O-O 13. Rc1 Bd7 14. Bb1 Qb6
15. Nc3 Qxb2 16. Nxd5 exd5 17. Qd3 g6 18. Qe3 Rfe8 19. Rxc6 bxc6 20. Ne5 Bf8 21.
Qf4 Be6 22. h4 Bg7 23. h5 c5 24. h6 Bh8 25. Nc6 Qb7 26. Qd6 cxd4 27. Ne5 Qb8 28.
Nc6 Qxd6 29. Bxd6 Bf6 30. Bd3 Rac8 31. Nxa7 Rc3 32. Bb5 Ra8 33. Nc6 d3 34. Bb4
Rc2 35. Bxd3 Rxc6 0-1

[Event "Titled Tue 20th May Late"]
[Site "chess.com INT"]
[Date "2025.05.20"]
[Round "11"]
[White "Eminov, Orkhan"]
[Black "Goltsev, Dmitry"]
[Result "1-0"]
[WhiteTitle "FM"]
[BlackTitle "FM"]
[WhiteElo "2239"]
[BlackElo "2183"]
[WhiteFideId "13402153"]
[BlackFideId "24176710"]
[EventDate "2025.05.20"]

1. e4 e6 2. Qe2 d5 3. exd5 Qxd5 4. Nc3 Qd8 5. b3 Nc6 6. Nf3 Nf6 7. Bb2 Bc5 8.
O-O-O O-O 9. g4 a5 10. a4 Nd5 11. h4 b6 12. g5 Bb7 13. h5 Ncb4 14. Nxd5 Qxd5 15.
Bg2 Qf5 16. d3 b5 17. g6 fxg6 18. hxg6 h6 19. Bh3 Qf4+ 20. Kb1 Bxf3 21. Bxe6+
Kh8 22. Qxf3 Bd6 23. Qh5 Rf6 24. Bf7 bxa4 25. Bc1 Qe5 26. Qg4 axb3 27. cxb3 Qf5
28. Bxh6 1-0

[Event "Titled Tue 20th May Late"]
[Site "chess.com INT"]
[Date "2025.05.20"]
[Round "11"]
[White "Jovic, Stanoje"]
[Black "Reprintsev, Alexander"]
[Result "1-0"]
[WhiteTitle "FM"]
[BlackTitle "IM"]
[WhiteElo "2096"]
[BlackElo "2256"]
[WhiteFideId "905020"]
[BlackFideId "14100541"]
[EventDate "2025.05.20"]

1. c4 e5 2. g3 c6 3. d4 e4 4. d5 Bb4+ 5. Nc3 Qe7 6. Bd2 Nf6 7. Bg2 Na6 8. Nh3 d6
9. O-O O-O 10. a3 Bxc3 11. Bxc3 cxd5 12. cxd5 Bf5 13. Nf4 g5 14. Qd4 gxf4 15.
Qxf6 Qxf6 16. Bxf6 Nc7 17. Rad1 Bg4 18. f3 exf3 19. exf3 Bf5 20. Be7 fxg3 21.
hxg3 Rfe8 22. Bxd6 Nb5 23. Bf4 Rad8 24. Rd2 Nd6 25. Rc1 b5 26. b3 a5 27. Rc6 Nc8
28. Rc5 Bd7 29. Bc7 Re1+ 30. Kf2 Rde8 31. Bf1 b4 32. a4 Rb1 33. Bc4 Ne7 34. g4
Ng6 35. Rxa5 f5 36. d6+ Kg7 37. gxf5 Ne5 38. Bb5 Bxb5 39. Rxb5 Rxb3 40. Rxe5
Rxe5 41. d7 Rxf5 42. d8=Q Rfxf3+ 43. Kg2 1-0

[Event "Titled Tue 20th May Late"]
[Site "chess.com INT"]
[Date "2025.05.20"]
[Round "11"]
[White "Sobek, Jaroslav"]
[Black "Kjaergaard-Jensen, Jesper"]
[Result "0-1"]
[WhiteTitle "FM"]
[BlackTitle "CM"]
[WhiteElo "2195"]
[BlackElo "2081"]
[WhiteFideId "301388"]
[BlackFideId "1406990"]
[EventDate "2025.05.20"]

1. d4 Nf6 2. c4 d6 3. Nf3 Nbd7 4. Bf4 c6 5. Nc3 Qa5 6. Bd2 Qc7 7. e4 e5 8. Be2
Be7 9. O-O h6 10. h3 Nf8 11. Be3 g5 12. Nd2 Ng6 13. Nb3 Nf4 14. c5 Bxh3 15. dxe5
Nxg2 16. cxd6 Nxe3 17. fxe3 Qb6 18. dxe7 Qxe3+ 19. Kh2 Bxf1 20. Qxf1 Nxe4 21.
Nxe4 Qxe4 22. Qf3 Qxe5+ 23. Kh1 Qxe7 24. Bc4 O-O-O 25. Rf1 g4 26. Qxf7 Qh4+ 27.
Kg1 Qg3+ 28. Kh1 Qh3+ 29. Kg1 Qe3+ 30. Kh1 Qe4+ 31. Kg1 g3 32. Qe6+ Qxe6 33.
Bxe6+ Kc7 34. Kg2 Rhe8 35. Bg4 h5 36. Bxh5 Re5 37. Bf3 Rg8 0-1

[Event "Titled Tue 20th May Late"]
[Site "chess.com INT"]
[Date "2025.05.20"]
[Round "11"]
[White "Yanev, Tihomir"]
[Black "Kracht, Raphael"]
[Result "1-0"]
[WhiteTitle "IM"]
[BlackTitle "CM"]
[WhiteElo "2354"]
[BlackElo "2194"]
[WhiteFideId "2910110"]
[BlackFideId "16214382"]
[EventDate "2025.05.20"]

1. e4 e6 2. d4 d5 3. Nc3 Nf6 4. Bg5 Be7 5. e5 Nfd7 6. h4 h6 7. Bxe7 Qxe7 8. Nf3
a6 9. h5 c5 10. Qd2 Nc6 11. O-O-O cxd4 12. Nxd4 Ndxe5 13. f4 Ng4 14. Nxd5 exd5
15. Re1 Be6 16. f5 O-O 17. fxe6 fxe6 18. Nxe6 Rf5 19. Bd3 Re5 20. Nf4 Re8 21.
Rxe5 Qxe5 22. Nxd5 Nd4 23. Nc3 Nf6 24. Bg6 Rd8 25. Re1 Qa5 26. Qe3 Qc5 27. Kb1
b5 28. a3 a5 29. Qe7 Qxe7 30. Rxe7 b4 31. axb4 axb4 32. Ne4 Nxe4 33. Rxe4 b3 34.
cxb3 Nxb3 35. Kc2 Nc5 36. Re7 Rc8 37. b4 Na6+ 38. Kb3 Nb8 39. b5 Kf8 40. Rf7+
Kg8 41. Kb4 Rd8 42. Kc5 Nd7+ 43. Kd6 Ne5+ 44. Kxe5 Re8+ 45. Kd6 Rd8+ 46. Rd7 Rf8
47. Kc7 Kh8 48. Rd8 Rg8 49. Rxg8+ Kxg8 50. b6 1-0

[Event "Titled Tue 20th May Late"]
[Site "chess.com INT"]
[Date "2025.05.20"]
[Round "11"]
[White "Bagheri, Maziar"]
[Black "Buchenau, Frank"]
[Result "1-0"]
[WhiteTitle "FM"]
[BlackTitle "FM"]
[WhiteElo "2287"]
[BlackElo "2190"]
[WhiteFideId "12530913"]
[BlackFideId "4604350"]
[EventDate "2025.05.20"]

1. e4 e6 2. d4 d5 3. Nd2 Nf6 4. e5 Nfd7 5. c3 c5 6. Bd3 b6 7. Qe2 cxd4 8. cxd4
Nc6 9. Ngf3 Nb4 10. Bb1 Ba6 11. Qd1 Rc8 12. Nb3 Qc7 13. Bd2 Be7 14. Bc3 f6 15.
exf6 Nxf6 16. a3 Nc6 17. Bd3 Bxd3 18. Qxd3 O-O 19. Ng5 Qd7 20. O-O h6 21. Nf3
Ne4 22. Nbd2 Nxc3 23. bxc3 Bd6 24. Rfe1 Rf6 25. Re3 Rcf8 26. c4 Bf4 27. Re2 Bxd2
28. Rxd2 Qf7 29. Rc1 Qh5 30. cxd5 exd5 31. Qb5 Na5 32. Ne5 Qh4 33. Qxd5+ Kh7 34.
g3 Qh3 35. Nd7 Rf5 36. Nxf8+ Rxf8 37. Qe4+ Kh8 38. d5 Qd7 39. d6 Re8 40. Qxe8+
Qxe8 41. d7 1-0

[Event "Titled Tue 20th May Late"]
[Site "chess.com INT"]
[Date "2025.05.20"]
[Round "11"]
[White "Terron Elena, Francisco M."]
[Black "Jacobsen, Mikkel Manosri"]
[Result "0-1"]
[WhiteTitle "FM"]
[BlackTitle "FM"]
[WhiteElo "2148"]
[BlackElo "2223"]
[WhiteFideId "2210576"]
[BlackFideId "1444514"]
[EventDate "2025.05.20"]

1. e4 c5 2. Nf3 Nf6 3. e5 Nd5 4. g3 Nc6 5. c3 d6 6. exd6 Qxd6 7. Bg2 Bg4 8. O-O
e6 9. d4 cxd4 10. cxd4 Be7 11. Nc3 O-O 12. h3 Bh5 13. g4 Bg6 14. Re1 Rfd8 15.
Be3 Nf4 16. Bxf4 Qxf4 17. d5 Bf6 18. Qb3 Nd4 19. Nxd4 Bxd4 20. Nd1 exd5 21. Bxd5
h5 22. Qf3 Qg5 23. Bxb7 hxg4 24. hxg4 Rab8 25. Ne3 Rd6 26. Rad1 Rbd8 27. Kg2 Rf6
28. Qg3 Rdd6 29. Bf3 Rf4 30. Nc4 Rdf6 31. Nd2 Be5 32. Rxe5 Qxe5 33. Ne4 Bxe4 34.
Rd8+ Kh7 0-1

[Event "Titled Tue 20th May Late"]
[Site "chess.com INT"]
[Date "2025.05.20"]
[Round "11"]
[White "Shandrygin, Nikita"]
[Black "Toncheva, Nadya"]
[Result "1-0"]
[WhiteTitle "FM"]
[BlackTitle "FM"]
[WhiteElo "2209"]
[BlackElo "2332"]
[WhiteFideId "24198668"]
[BlackFideId "2924056"]
[EventDate "2025.05.20"]

1. e4 c5 2. b4 cxb4 3. a3 e6 4. axb4 Bxb4 5. c3 Be7 6. d4 d6 7. f4 Nf6 8. Bd3
Nc6 9. Nf3 e5 10. fxe5 dxe5 11. d5 Nb8 12. Nxe5 O-O 13. O-O Bc5+ 14. Kh1 Qe7 15.
Bf4 Nbd7 16. Nxd7 Qxd7 17. c4 Qg4 18. Qc2 Qh4 19. Bg3 Qh6 20. Rxf6 Qxf6 21. e5
Qh6 22. Nd2 Bg4 23. Rf1 a5 24. Ne4 Be7 25. d6 Bh4 26. Bf4 Qe6 27. Nc5 Qc8 28.
Bxh7+ Kh8 29. Na4 Qe6 30. Be4 Rac8 31. Nb6 Rc5 32. Qd3 Kg8 33. Bd5 Qf5 34. Qxf5
Bxf5 35. Be3 Rxd5 36. cxd5 Bd3 37. Rd1 Be2 38. Rd2 Bb5 39. g3 Bd8 40. e6 Bxb6
41. Bxb6 a4 42. d7 fxe6 43. d8=Q Rxd8 44. Bxd8 exd5 45. Kg1 Bc6 46. Kf2 Kf7 47.
Ke3 Ke6 48. Kd4 Kd7 49. Bb6 Ke6 50. Bc5 Kf6 51. Rf2+ Ke6 52. Rf4 g5 53. Rf8 Kd7
54. Rg8 1-0

[Event "Titled Tue 20th May Late"]
[Site "chess.com INT"]
[Date "2025.05.20"]
[Round "11"]
[White "Erigaisi, Arjun"]
[Black "Carlsen, Magnus"]
[Result "1-0"]
[WhiteTitle "GM"]
[BlackTitle "GM"]
[WhiteElo "2782"]
[BlackElo "2837"]
[WhiteFideId "35009192"]
[BlackFideId "1503014"]
[EventDate "2025.05.20"]

1. d4 Nf6 2. Nf3 b6 3. e3 Bb7 4. c4 e6 5. Bd3 d5 6. O-O Nbd7 7. Nc3 dxc4 8. Bxc4
a6 9. Qe2 b5 10. Bd3 c5 11. Rd1 cxd4 12. Nxd4 Qb8 13. b3 Bd6 14. h3 O-O 15. Bb2
Nc5 16. Bc2 b4 17. Nb1 Nce4 18. Nd2 Nc3 19. Bxc3 bxc3 20. Nc4 Bh2+ 21. Kh1 Bc7
22. Rac1 g6 23. Bb1 Nd5 24. Be4 Rc8 25. Qf3 Bd8 26. Ne2 f5 27. Bxd5 exd5 28.
Rxd5 Bf6 29. Nxc3 Bxd5 30. Nxd5 Bd8 31. e4 Ra7 32. exf5 Rf7 33. f6 Qb5 34. Re1
Rc5 35. Nd6 Qd7 36. Nxf7 1-0

[Event "Titled Tue 20th May Late"]
[Site "chess.com INT"]
[Date "2025.05.20"]
[Round "11"]
[White "Aranda, Juan Manuel"]
[Black "Sampaoli, Cristian"]
[Result "0-1"]
[WhiteTitle "CM"]
[BlackTitle "CM"]
[WhiteElo "2134"]
[BlackElo "2211"]
[WhiteFideId "160458"]
[BlackFideId "115800"]
[EventDate "2025.05.20"]

1. Nf3 d5 2. g3 c5 3. Bg2 Nc6 4. d4 e6 5. O-O Nf6 6. c4 Be7 7. Nc3 O-O 8. Bg5 h6
9. Bxf6 Bxf6 10. cxd5 exd5 11. dxc5 Be6 12. Qd2 Rc8 13. Rfd1 Qe7 14. Rac1 Rfd8
15. Nb5 Bg4 16. Nfd4 Nxd4 17. Nxd4 Rxc5 18. h3 Bh5 19. Nf5 Qc7 20. Rxc5 Qxc5 21.
Bxd5 Bg6 22. Ne3 Kh7 23. b4 Qc8 24. Qe1 Qxh3 25. Qf1 Qc8 26. Qg2 b6 27. b5 Qc7
28. Qf3 h5 29. Kg2 Qe5 30. Rh1 Kg8 31. Bc6 Rd6 32. Bd5 Rxd5 33. Nxd5 Be4 34.
Nxf6+ gxf6 35. Rh4 Bxf3+ 36. exf3 Qxb5 37. a4 Qd5 38. Rf4 Kg7 39. Kh3 a6 40. g4
hxg4+ 41. fxg4 b5 42. axb5 axb5 43. Kg3 Qd3+ 0-1

[Event "Titled Tue 20th May Late"]
[Site "chess.com INT"]
[Date "2025.05.20"]
[Round "11"]
[White "Habans Aguerrea, Javier"]
[Black "Gubajdullin, Alexei"]
[Result "1-0"]
[WhiteTitle "IM"]
[BlackTitle "FM"]
[WhiteElo "2448"]
[BlackElo "2227"]
[WhiteFideId "24524689"]
[BlackFideId "4141202"]
[EventDate "2025.05.20"]

1. d4 Nf6 2. Bg5 e6 3. e4 h6 4. Bxf6 Qxf6 5. c3 d6 6. Bd3 g5 7. Ne2 Nd7 8. Ng3
Qg6 9. e5 Qg8 10. Qe2 dxe5 11. dxe5 Qg7 12. Nd2 Qxe5 13. Nde4 f5 14. Qh5+ Ke7
15. O-O fxe4 16. Nxe4 Nf6 17. Nxf6 Qxf6 18. f4 gxf4 19. g3 Qg5 20. Qe2 fxg3 21.
Qf3 gxh2+ 22. Kh1 Bd7 23. Be4 Kd8 24. c4 Bd6 25. Rad1 Rf8 26. Qc3 Rf2 27. Rxf2
Ke7 28. Rg2 Qe5 29. Rg7+ Kf6 30. Qxe5+ Kxe5 31. Rxd7 Kxe4 32. c5 Bxc5 33. Rxc7
Be3 34. Re1 Rg8 35. Kxh2 Kf3 36. Rc3 Rg6 37. Rcxe3+ 1-0

[Event "Titled Tue 20th May Late"]
[Site "chess.com INT"]
[Date "2025.05.20"]
[Round "11"]
[White "Nalbandyan, Vahan"]
[Black "Harriott, Tyrell"]
[Result "1-0"]
[WhiteTitle "CM"]
[WhiteElo "2155"]
[BlackElo "1924"]
[WhiteFideId "13309439"]
[BlackFideId "2086484"]
[EventDate "2025.05.20"]

1. Nf3 e6 2. g3 d5 3. Bg2 Bd6 4. O-O f5 5. d3 Nf6 6. b3 O-O 7. Bb2 f4 8. Nbd2
fxg3 9. hxg3 Ng4 10. e4 Qe8 11. e5 Bc5 12. d4 Bb6 13. Nh2 Nxh2 14. Kxh2 c5 15.
Ba3 Nd7 16. Qg4 Rf5 17. f4 cxd4 18. Nf3 d3 19. cxd3 Rh5+ 20. Bh3 Nf8 21. Kg2 Bd7
22. Rac1 Bb5 23. Bxf8 Kxf8 24. Ng5 Rxg5 25. fxg5+ Kg8 26. Qxe6+ Kh8 27. Qxe8+
Rxe8 28. Rc8 Bd8 29. e6 g6 30. Rf7 Kg8 31. Rxb7 Bxd3 32. Rbb8 Be4+ 33. Kg1 Kf8
34. Rxd8 Rxd8 35. Rxd8+ Ke7 36. Rd7+ Ke8 37. Rxa7 d4 38. Bf1 d3 39. Kf2 Kf8 40.
Ke3 Bf5 41. e7+ Ke8 42. Bxd3 Bxd3 43. Kxd3 h5 44. Kd4 h4 45. Ke5 hxg3 46. Ke6 1-0

[Event "Titled Tue 20th May Late"]
[Site "chess.com INT"]
[Date "2025.05.20"]
[Round "11"]
[White "Romero Ruscalleda, Josep"]
[Black "Zilberstein, Dmitry"]
[Result "1-0"]
[WhiteTitle "FM"]
[BlackTitle "IM"]
[WhiteElo "2110"]
[BlackElo "2358"]
[WhiteFideId "2231859"]
[BlackFideId "2010739"]
[EventDate "2025.05.20"]

1. e4 d6 2. d4 Nf6 3. Nc3 g6 4. g3 Bg7 5. Bg2 O-O 6. Nge2 e5 7. O-O c6 8. Bg5 h6
9. Be3 Qc7 10. h3 Re8 11. Qd2 Kh7 12. a4 a5 13. Rad1 Na6 14. f4 exd4 15. Bxd4
Nb4 16. e5 dxe5 17. Bxe5 Qb6+ 18. Kh2 Be6 19. Nd4 Bc4 20. Rfe1 Rad8 21. Qf2 Nbd5
22. Nxd5 Bxd5 23. Bxd5 Rxd5 24. c3 Qd8 25. Qc2 Nh5 26. Nf3 Bxe5 27. Nxe5 Kg7 28.
c4 Rxd1 29. Rxd1 Qc8 30. Qc3 Kg8 31. Nd7 Rd8 32. Qd4 Re8 33. Rd2 Qd8 34. g4 Qh4
35. gxh5 Re6 36. Ne5 g5 37. Qd8+ Kg7 38. fxg5 Qf4+ 39. Kg1 Qxd2 40. Qxd2 1-0

[Event "Titled Tue 20th May Late"]
[Site "chess.com INT"]
[Date "2025.05.20"]
[Round "11"]
[White "Cramling Bellon, Anna"]
[Black "Pavlidou, Ekaterini"]
[Result "0-1"]
[WhiteTitle "WFM"]
[BlackTitle "WIM"]
[WhiteElo "2046"]
[BlackElo "2198"]
[WhiteFideId "32009232"]
[BlackFideId "4213262"]
[EventDate "2025.05.20"]

1. d4 Nf6 2. c4 c5 3. d5 b5 4. cxb5 a6 5. Nc3 g6 6. e4 d6 7. Bg5 Bg7 8. a4 O-O
9. h3 Nbd7 10. Nf3 h6 11. Be3 Qa5 12. Bd3 axb5 13. Bxb5 Nxe4 14. O-O Nxc3 15.
bxc3 Bxc3 16. Bxh6 Bg7 17. Qc1 Nf6 18. Re1 Nxd5 19. Bc6 Be6 20. Bxa8 Rxa8 21.
Bxg7 Kxg7 22. Qg5 f6 23. Qc1 Bf7 24. Nd2 e5 25. Nc4 Qa6 26. Rd1 Nf4 27. Rxd6
Qxc4 28. Qxc4 Bxc4 29. a5 Ne2+ 30. Kh2 Ra6 31. Rd7+ Kh6 32. g4 Kg5 33. Kg2 Bb5
34. Rh7 Bc6+ 35. f3 Kf4 36. Kf2 Nd4 37. Re1 Rxa5 38. Re3 Ra2+ 39. Ke1 Kxe3 40.
Kd1 Ba4+ 41. Kc1 Kd3 42. Kb1 Rf2 43. Rd7 Bb3 44. Rxd4+ exd4 45. h4 c4 46. h5
gxh5 47. gxh5 Kc3 48. h6 Rf1# 0-1

[Event "Titled Tue 20th May Late"]
[Site "chess.com INT"]
[Date "2025.05.20"]
[Round "11"]
[White "Dovgaliuk, Oleksandr"]
[Black "Shoboev, Dandar"]
[Result "0-1"]
[BlackTitle "FM"]
[WhiteElo "2240"]
[BlackElo "2252"]
[WhiteFideId "14167247"]
[BlackFideId "44197012"]
[EventDate "2025.05.20"]

1. c4 e5 2. a3 Nf6 3. d3 Nc6 4. Nf3 a5 5. g3 Bc5 6. Bg2 O-O 7. O-O Re8 8. Nc3 d6
9. e3 Bf5 10. d4 exd4 11. exd4 Ba7 12. Bg5 h6 13. Bh4 Bg4 14. Bxf6 Qxf6 15. Nd5
Qd8 16. h3 Bxf3 17. Qxf3 Nxd4 18. Qg4 c6 19. Nf4 Qf6 20. b4 Qf5 21. Qxf5 Nxf5
22. b5 Nxg3 23. Rfd1 Ne2+ 24. Nxe2 Rxe2 25. bxc6 bxc6 26. Rxd6 Rxf2 27. Kh1 Re8
28. Rf1 Rxf1+ 29. Bxf1 Bc5 30. Rxc6 Bxa3 31. Ra6 Bb4 32. Bg2 Re6 33. Ra8+ Kh7
34. Bd5 Rf6 35. c5 Bxc5 36. Kg2 Bb4 37. Ra7 Kg6 38. h4 Rf4 39. h5+ Kxh5 40.
Bxf7+ Kg5 41. Bd5 g6 42. Bf3 Rd4 43. Ra6 Rd2+ 44. Kg3 Bd6+ 0-1

[Event "Titled Tue 20th May Late"]
[Site "chess.com INT"]
[Date "2025.05.20"]
[Round "11"]
[White "Dubnevych, Maksym"]
[Black "Ismagilov, Damir"]
[Result "1-0"]
[WhiteTitle "FM"]
[BlackTitle "CM"]
[WhiteElo "2292"]
[BlackElo "2173"]
[WhiteFideId "14184001"]
[BlackFideId "34199982"]
[EventDate "2025.05.20"]

1. Nc3 d5 2. e4 d4 3. Nce2 c5 4. Ng3 Nc6 5. Bc4 g6 6. Nf3 Bg7 7. O-O h5 8. Ng5
Nh6 9. h4 O-O 10. d3 Na5 11. Bb3 Nxb3 12. axb3 Qc7 13. Qe1 Bd7 14. Bd2 b6 15. f4
a5 16. f5 Be5 17. Ne2 gxf5 18. Nf3 Ng4 19. Nxe5 Qxe5 20. Bf4 Qg7 21. Ng3 e5 22.
Bd2 f4 23. Nxh5 Qg6 24. Nxf4 exf4 25. Rxf4 f5 26. Qg3 fxe4 27. Rxe4 Rae8 28.
Rae1 Rxe4 29. Rxe4 Re8 30. Rxe8+ Qxe8 31. Qf4 Qe2 32. g3 Qd1+ 33. Kg2 Qe2+ 34.
Kg1 Nh2 35. Qg5+ Kf7 36. Qd5+ Be6 37. Qb7+ Kg6 38. h5+ Qxh5 39. Qe4+ Kf7 40. Bf4
Ng4 41. Qb7+ Kf6 42. Qg2 Qd5 43. Qh3 Qf3 44. Qh8+ Kg6 45. Qe8+ Bf7 46. Qe1 Bd5
47. Qe8+ Bf7 48. Qe1 Qd5 49. Qe2 Qf5 50. Qe7 Nf6 51. Qf8 Nd5 52. Qh6# 1-0